|
|
|
|
| LEADER |
02257nam a22004455i 4500 |
| 001 |
978-88-470-1953-9 |
| 003 |
DE-He213 |
| 005 |
20151204151801.0 |
| 007 |
cr nn 008mamaa |
| 008 |
110422s2011 it | s |||| 0|ita d |
| 020 |
|
|
|a 9788847019539
|9 978-88-470-1953-9
|
| 024 |
7 |
|
|a 10.1007/978-88-470-1953-9
|2 doi
|
| 040 |
|
|
|d GrThAP
|
| 050 |
|
4 |
|a QC5.53
|
| 072 |
|
7 |
|a PHU
|2 bicssc
|
| 072 |
|
7 |
|a SCI040000
|2 bisacsh
|
| 082 |
0 |
4 |
|a 530.15
|2 23
|
| 100 |
1 |
|
|a Angilella, G. G. N.
|e author.
|
| 245 |
1 |
0 |
|a Esercizi di metodi matematici della fisica
|h [electronic resource] /
|c by G. G. N. Angilella.
|
| 264 |
|
1 |
|a Milano :
|b Springer Milan :
|b Imprint: Springer,
|c 2011.
|
| 300 |
|
|
|a XII, 297 pagg.
|b online resource.
|
| 336 |
|
|
|a text
|b txt
|2 rdacontent
|
| 337 |
|
|
|a computer
|b c
|2 rdamedia
|
| 338 |
|
|
|a online resource
|b cr
|2 rdacarrier
|
| 347 |
|
|
|a text file
|b PDF
|2 rda
|
| 490 |
1 |
|
|a UNITEXT,
|x 2038-5714
|
| 520 |
|
|
|a Il testo richiama i principali concetti, definizioni e teoremi relativi agli spazi vettoriali, agli sviluppi in serie di Fourier, alle equazioni alle derivate parziali, alle trasformate integrali di Laplace e di Fourier, ad alcune classi di equazioni integrali (con specifico riferimento alla funzione di Green). Si danno altresi' cenni di funzioni di variabile complessa, di teoria dei gruppi, e di spazi funzionali. Di ciascun argomento vengono ampiamente discusse le motivazioni e le applicazioni nel campo della fisica e, talora, di altre discipline scientifiche. Tali argomenti vengono approfonditi da esercizi (perlopiu' svolti, o con soluzione), spesso tratti da effettivi temi d'esame del corso di Metodi matematici per la fisica del corso di laurea in Fisica (Catania).
|
| 650 |
|
0 |
|a Physics.
|
| 650 |
|
0 |
|a Applied mathematics.
|
| 650 |
|
0 |
|a Engineering mathematics.
|
| 650 |
1 |
4 |
|a Physics.
|
| 650 |
2 |
4 |
|a Mathematical Methods in Physics.
|
| 650 |
2 |
4 |
|a Appl.Mathematics/Computational Methods of Engineering.
|
| 710 |
2 |
|
|a SpringerLink (Online service)
|
| 773 |
0 |
|
|t Springer eBooks
|
| 776 |
0 |
8 |
|i Printed edition:
|z 9788847019522
|
| 830 |
|
0 |
|a UNITEXT,
|x 2038-5714
|
| 856 |
4 |
0 |
|u http://dx.doi.org/10.1007/978-88-470-1953-9
|z Full Text via HEAL-Link
|
| 912 |
|
|
|a ZDB-2-PHA
|
| 950 |
|
|
|a Physics and Astronomy (Springer-11651)
|